| 000 | 00402 a2200157 4500 | ||
|---|---|---|---|
| 020 | _aSpider's Web | ||
| 040 |
_aDLC _bDLC |
||
| 082 | _a823.912 | ||
| 100 | _aAgatha Christie | ||
| 245 |
_aSpider's Web _cAgatha Christie |
||
| 260 |
_aLondon: _bHarper Collins Publishers, _c2000. |
||
| 300 |
_a237 p. ; _b 19 cm. |
||
| 500 | _aIncludes Index | ||
| 650 | _aMystery fiction. | ||
| 942 |
_aSEEC _cBK _k _2ddc |
||
| 999 |
_c481887 _d481887 |
||